000 00660nam a2200229Ia 4500
003 OSt
005 20220923221652.0
006 a|||||r|||| 00| 0
007 ta
008 220922b |||||||| |||| 00| 0 hin d
024 _a199,199
037 _cTextual
040 _aARTS
_cARTS
_bhin
041 _2hin
_ahin
082 _aP33, 152K0
100 _aमंदाकिनी बाई, पी0
_9165589
245 0 _aकन्नड स्वंय शिक्षक
246 _aKannaḍ svanya shikṣhaka
260 _c1973
942 _hP33, 152K0
_cTEXL
_2CC
999 _c350974
_d350974